[Event "ITT Vicente Lopez"]
[Site "Villa Martelli"]
[Date "2006.07.24"]
[Round "1"]
[White "De Dovitiis, Alejo"]
[Black "Cubas, Jose Fernando"]
[Result "0-1"]
[WhiteElo "2371"]
[BlackElo "2421"]
[PlyCount "76"]
[EventDate "2006.07.24"]
[EventType "tourn"]
[EventRounds "11"]
[EventCountry "ARG"]

1. e4 g6 2. d4 Bg7 3. Nf3 d6 4. Be2 Nd7 5. O-O e5 6. Nc3 Ne7 7. Be3 h6 8. dxe5
dxe5 9. Nd2 O-O 10. Nc4 a6 11. a4 Nc6 12. Qd2 Kh7 13. Rad1 Nd4 14. f4 Nxe2+ 15.
Qxe2 exf4 16. Bxf4 Bxc3 17. bxc3 Qe7 18. Qe3 b5 19. Nb2 Qc5 20. Bxh6 Qxe3+ 21.
Bxe3 Kg8 22. Bf4 Nc5 23. axb5 axb5 24. Rd5 Nxe4 25. Re1 c6 26. Rd4 f5 27. Bh6
Re8 28. Nd3 Be6 29. Nf4 Nxc3 30. Rd6 Bd5 31. Rxe8+ Rxe8 32. h3 Re2 33. Rd7 Rxc2
34. Rg7+ Kf8 35. Rxg6+ Kf7 36. Rg7+ Ke8 37. Nd3 Be4 38. Nc5 b4 0-1

[Event "ITT Vicente Lopez"]
[Site "Villa Martelli"]
[Date "2006.07.24"]
[Round "1"]
[White "Della Morte, German"]
[Black "Ripari, Marcelo"]
[Result "1/2-1/2"]
[WhiteElo "2275"]
[BlackElo "2341"]
[PlyCount "116"]
[EventDate "2006.07.24"]
[EventType "tourn"]
[EventRounds "11"]
[EventCountry "ARG"]

1. e4 c5 2. Nf3 e6 3. d4 cxd4 4. Nxd4 Nf6 5. Nc3 Nc6 6. Ndb5 Bb4 7. a3 Bxc3+ 8.
Nxc3 d5 9. exd5 exd5 10. Bd3 O-O 11. O-O d4 12. Ne4 Bf5 13. Bg5 Bxe4 14. Bxe4
Qd6 15. Bd3 h6 16. Bh4 Rfe8 17. Bg3 Qd5 18. Qd2 Ne4 19. Qf4 Nc5 20. Qf5 Qxf5
21. Bxf5 g6 22. Bg4 f5 23. Bf3 Ne4 24. Rfe1 Kg7 25. Re2 Ng5 26. Rae1 Nxf3+ 27.
gxf3 Rxe2 28. Rxe2 Kf7 29. Kf1 Rd8 30. Rd2 Ke6 31. f4 g5 32. f3 a5 33. Ke2 g4
34. fxg4 fxg4 35. Kd3 Kf5 36. Re2 h5 37. Bh4 Rh8 38. Re4 Rh7 39. Bg5 Rh8 40.
Bh4 Rh7 41. Re8 Kxf4 42. Rf8+ Ke5 43. Rg8 Kd5 44. Bg3 h4 45. Bf4 g3 46. Rg5+
Ke6 47. Ke4 gxh2 48. Bxh2 Kd7 49. Kf3 Rf7+ 50. Kg2 Re7 51. Kf2 Rf7+ 52. Kg2 Re7
53. Kf3 Re3+ 54. Kf2 Re7 55. Rh5 Re4 56. Rh7+ Ne7 57. Kf3 Re3+ 58. Kf2 Re4
1/2-1/2

[Event "ITT Vicente Lopez"]
[Site "Villa Martelli"]
[Date "2006.07.24"]
[Round "1"]
[White "Granara Barreto, Sebastian A"]
[Black "COMP ZAP!Chess"]
[Result "0-1"]
[WhiteElo "2273"]
[BlackElo "2600"]
[PlyCount "56"]
[EventDate "2006.07.24"]
[EventType "tourn"]
[EventRounds "11"]
[EventCountry "ARG"]

1. d4 Nf6 2. Nf3 e6 3. g3 d5 4. Bg2 Be7 5. O-O O-O 6. c4 dxc4 7. Ne5 Nc6 8.
Bxc6 bxc6 9. Nxc6 Qe8 10. Nxe7+ Qxe7 11. Qc2 c5 12. Qxc4 cxd4 13. Qxd4 Rd8 14.
Qh4 Rb8 15. Bg5 Rb4 16. e4 Ba6 17. Re1 Rxb2 18. Bxf6 Qxf6 19. Qxf6 gxf6 20. Rc1
Bb7 21. Nc3 Rdd2 22. Na4 Rbc2 23. Nc5 Ba8 24. Rab1 Bc6 25. Nb3 Rxf2 26. Rxc2
Rxc2 27. Nd4 Rg2+ 28. Kf1 Bxe4 0-1

[Event "ITT Vicente Lopez"]
[Site "Villa Martelli"]
[Date "2006.07.24"]
[Round "1"]
[White "Needleman, Alejandro"]
[Black "Shcherbine, Andrei"]
[Result "1/2-1/2"]
[WhiteElo "2378"]
[BlackElo "2261"]
[PlyCount "138"]
[EventDate "2006.07.24"]
[EventType "tourn"]
[EventRounds "11"]
[EventCountry "ARG"]

1. e4 Nf6 2. e5 Nd5 3. d4 Nb6 4. Nf3 d5 5. exd6 cxd6 6. Be2 g6 7. O-O Bg7 8. a4
O-O 9. d5 e6 10. dxe6 fxe6 11. Nc3 a5 12. Bg5 Qd7 13. Re1 Nc6 14. Qd2 Ne5 15.
Nxe5 Bxe5 16. Bb5 Qc7 17. Rxe5 dxe5 18. Rd1 Nc4 19. Nd5 exd5 20. Qxd5+ Qf7 21.
Bxc4 Qxd5 22. Bxd5+ Kg7 23. c4 h6 24. Be7 Re8 25. Bd6 Ra7 26. Re1 e4 27. f3 Bd7
28. Bc5 Raa8 29. Bd4+ Kh7 30. fxe4 Bc6 31. Kf2 Rac8 32. Ke3 Bxa4 33. Bb6 Bc6
34. Kd3 a4 35. e5 Bd7 36. Kd4 Be6 37. Re2 Kg7 38. Bc5 Rc7 39. Bd6 Rf7 40. Kc5
Rf4 41. Rd2 Rf7 42. Kb5 Rf4 43. g3 Rg4 44. Kb6 Rxc4 45. Bxc4 Bxc4 46. Kxb7 Be6
47. Rd4 Bb3 48. Kc7 Ra8 49. Bc5 Kf7 50. Rd6 Be6 51. h4 Rc8+ 52. Kb6 Rb8+ 53.
Ka5 Rxb2 54. Kxa4 Rg2 55. Rd8 Rxg3 56. Rf8+ Kg7 57. Rf6 Bd7+ 58. Ka5 Rh3 59.
Rd6 Be8 60. Rd8 Bf7 61. Bf8+ Kh7 62. Be7 g5 63. hxg5 hxg5 64. Bxg5 Kg6 65. Bf6
Rb3 66. Rd6 Kf5 67. Bg7 Be6 68. Ka4 Rb1 69. Bf6 Rb7 1/2-1/2

[Event "ITT Vicente Lopez"]
[Site "Villa Martelli"]
[Date "2006.07.24"]
[Round "1"]
[White "Scarella, Enrique Alejandro"]
[Black "Real de Azua, Ernesto"]
[Result "0-1"]
[WhiteElo "2348"]
[BlackElo "2378"]
[PlyCount "180"]
[EventDate "2006.07.24"]
[EventType "tourn"]
[EventRounds "11"]
[EventCountry "ARG"]

1. d4 Nf6 2. Nf3 e6 3. c4 b6 4. a3 Ba6 5. Qc2 Bb7 6. Nc3 c5 7. dxc5 Bxc5 8. Bf4
O-O 9. Rd1 Nc6 10. e3 Nh5 11. Bg5 Be7 12. Bxe7 Qxe7 13. Be2 Nf6 14. O-O Rac8
15. b4 Rfd8 16. Qb2 d6 17. Rd2 Ng4 18. Qb3 a6 19. Rfd1 Nce5 20. Nxe5 Nxe5 21.
f4 Ng6 22. g3 Qc7 23. Na4 Qc6 24. e4 Qxe4 25. Bf1 Qh1+ 26. Kf2 Qxh2+ 27. Ke1
Qg1 28. Rf2 b5 29. Nb6 Rb8 30. Qe3 bxc4 31. Kd2 c3+ 32. Kxc3 Qh1 33. Kb2 Qe4
34. Qxe4 Bxe4 35. Nc4 Bd5 36. Na5 Rb6 37. Rc2 h5 38. Rc7 Bf3 39. Rdc1 h4 40. f5
exf5 41. gxh4 Ne5 42. Ra7 Be4 43. Rxa6 Rxa6 44. Bxa6 Ra8 45. Rc8+ Rxc8 46. Bxc8
f4 47. Kc3 f3 48. Nb3 f2 49. Nd2 Bd3 50. Bh3 f6 51. Kd4 g5 52. hxg5 fxg5 53.
Ke3 g4 54. Bxg4 f1=Q 55. Nxf1 Bxf1 56. Be6+ Kf8 57. a4 Ke7 58. Bd5 Kd7 59. Kd4
Kc7 60. Kc3 Be2 61. Be4 Bd1 62. a5 Be2 63. Kd4 Nc6+ 64. Kc3 Bb5 65. Bg2 Ne7 66.
Kd4 Nc6+ 67. Kc3 Kd7 68. Bh3+ Ke7 69. Bg2 Ke6 70. Bh3+ Ke5 71. Bd7 d5 72. a6
d4+ 73. Kd2 Na7 74. Bg4 Bxa6 75. Bf3 Bb5 76. Kc2 Kf4 77. Bh5 Ke3 78. Bg6 Nc6
79. Kb3 d3 80. Bxd3 Kxd3 81. Ka3 Kc3 82. Ka2 Nxb4+ 83. Ka1 Nc2+ 84. Ka2 Bc4+
85. Kb1 Be6 86. Kc1 Ba2 87. Kd1 Nd4 88. Kc1 Ne2+ 89. Kd1 Kd3 90. Ke1 Ke3 0-1

[Event "ITT Vicente Lopez"]
[Site "Villa Martelli"]
[Date "2006.07.25"]
[Round "2"]
[White "COMP ZAP!Chess"]
[Black "De Dovitiis, Alejo"]
[Result "1-0"]
[WhiteElo "2600"]
[BlackElo "2371"]
[PlyCount "49"]
[EventDate "2006.07.24"]
[EventType "tourn"]
[EventRounds "11"]
[EventCountry "ARG"]

1. d4 Nf6 2. Bg5 e6 3. e4 d5 4. e5 h6 5. Be3 Nfd7 6. Nf3 c5 7. c4 cxd4 8. Bxd4
dxc4 9. Bxc4 Nc6 10. O-O Nxd4 11. Qxd4 Qb6 12. Qd2 g5 13. h3 Rg8 14. Nc3 g4 15.
hxg4 Rxg4 16. Be2 a6 17. Rac1 h5 18. b3 h4 19. Rfd1 Qb4 20. Nb5 Qxd2 21. Nc7+
Kd8 22. Nxd2 Rd4 23. Nxa8 Bh6 24. Nc4 Rxd1+ 25. Rxd1 1-0

[Event "ITT Vicente Lopez"]
[Site "Villa Martelli"]
[Date "2006.07.25"]
[Round "2"]
[White "Cubas, Jose Fernando"]
[Black "Scarella, Enrique Alejandro"]
[Result "1-0"]
[WhiteElo "2421"]
[BlackElo "2348"]
[PlyCount "101"]
[EventDate "2006.07.24"]
[EventType "tourn"]
[EventRounds "11"]
[EventCountry "ARG"]

1. e4 c5 2. Nf3 Nc6 3. d4 cxd4 4. Nxd4 g6 5. Nc3 Bg7 6. Be3 Nf6 7. Be2 O-O 8.
Nb3 d6 9. f4 Be6 10. g4 Na5 11. g5 Nd7 12. Bd4 Nxb3 13. axb3 Bxd4 14. Qxd4 Qb6
15. Qxb6 Nxb6 16. Ra5 Bd7 17. h4 Bc6 18. h5 e5 19. fxe5 dxe5 20. Rxe5 Nd7 21.
Ra5 b6 22. Ra1 Rfe8 23. Bc4 Bxe4 24. O-O Bf5 25. Bb5 Re5 26. Rad1 Bg4 27. Rd5
Re7 28. Rd4 Be6 29. Ne4 Ne5 30. Nf6+ Kf8 31. h6 Rc7 32. Nxh7+ Ke7 33. Nf6 Rc5
34. c4 Ng4 35. Nxg4 Rxg5 36. Re1 Kf8 37. Ree4 Bf5 38. Rf4 Rh5 39. Bd7 Bxg4 40.
Bxg4 Rxh6 41. Rd7 f5 42. Bf3 Re8 43. Rxa7 Re3 44. Rd4 g5 45. Rd8+ Re8 46. Rxe8+
Kxe8 47. Rg7 g4 48. Bg2 Re6 49. Kf2 f4 50. Rxg4 Re3 51. Bc6+ 1-0

[Event "ITT Vicente Lopez"]
[Site "Villa Martelli"]
[Date "2006.07.25"]
[Round "2"]
[White "Prates, Fabiano"]
[Black "Needleman, Alejandro"]
[Result "1-0"]
[WhiteElo "2274"]
[BlackElo "2378"]
[PlyCount "69"]
[EventDate "2006.07.24"]
[EventType "tourn"]
[EventRounds "11"]
[EventCountry "ARG"]

1. e4 e5 2. Nf3 Qe7 3. Bc4 d6 4. Nc3 c6 5. a4 a5 6. O-O Nd7 7. d4 h6 8. Be3
Ngf6 9. Ba2 g6 10. Nd2 Bg7 11. Nc4 O-O 12. f4 Ng4 13. dxe5 Qh4 14. h3 Nxe3 15.
Nxe3 dxe5 16. f5 Kh7 17. Qd6 Bf6 18. fxg6+ fxg6 19. Ng4 Be7 20. Qe6 Bc5+ 21.
Kh1 Qe7 22. Rad1 h5 23. Rxf8 Qxf8 24. Nh2 Nf6 25. Qxe5 Qe7 26. Qf4 Be6 27. Bxe6
Qxe6 28. Nf3 Kg7 29. Ng5 Qe7 30. e5 Nd5 31. Nxd5 cxd5 32. Rf1 Re8 33. e6 Kg8
34. Qf7+ Kh8 35. Qxg6 1-0

[Event "ITT Vicente Lopez"]
[Site "Villa Martelli"]
[Date "2006.07.25"]
[Round "2"]
[White "Ripari, Marcelo"]
[Black "Granara Barreto, Sebastian A"]
[Result "1/2-1/2"]
[WhiteElo "2341"]
[BlackElo "2273"]
[PlyCount "73"]
[EventDate "2006.07.24"]
[EventType "tourn"]
[EventRounds "11"]
[EventCountry "ARG"]

1. e4 c5 2. Nf3 e6 3. d4 cxd4 4. Nxd4 a6 5. Nc3 b5 6. Bd3 Qb6 7. Be3 Bc5 8. Be2
Nc6 9. Nxc6 dxc6 10. Bxc5 Qxc5 11. Qd3 Nf6 12. Qg3 O-O 13. e5 Nd7 14. O-O-O b4
15. Ne4 Qxe5 16. Qxe5 Nxe5 17. Nc5 Ra7 18. Rd6 a5 19. a3 bxa3 20. bxa3 Rc7 21.
Rhd1 Re8 22. R6d4 Kf8 23. Ra4 Ke7 24. Rdd4 Ra7 25. Nb3 Bd7 26. Re4 f6 27. f4
Nf7 28. Rxa5 Rxa5 29. Nxa5 Nd6 30. Re3 Ra8 31. Nc4 Nxc4 32. Bxc4 Kd6 33. Rd3+
Kc7 34. Kb2 Ra5 35. Re3 Kd6 36. Rd3+ Kc7 37. Re3 1/2-1/2

[Event "ITT Vicente Lopez"]
[Site "Villa Martelli"]
[Date "2006.07.25"]
[Round "2"]
[White "Shcherbine, Andrei"]
[Black "Della Morte, German"]
[Result "0-1"]
[WhiteElo "2261"]
[BlackElo "2275"]
[PlyCount "80"]
[EventDate "2006.07.24"]
[EventType "tourn"]
[EventRounds "11"]
[EventCountry "ARG"]

1. Nf3 Nf6 2. c4 g6 3. b4 Bg7 4. Bb2 O-O 5. e3 d6 6. d4 e5 7. Nc3 exd4 8. Nxd4
a5 9. a3 axb4 10. axb4 Rxa1 11. Qxa1 Na6 12. b5 Nc5 13. Be2 Re8 14. O-O Bg4 15.
Bxg4 Nxg4 16. Nd5 Ne5 17. Qa2 Ncd3 18. Ba3 c6 19. bxc6 bxc6 20. Nf4 Nxf4 21.
exf4 Nd3 22. Nxc6 Qa8 23. Qb3 Ne1 24. Bb4 Nxg2 25. Qf3 Nxf4 26. Ne7+ Kf8 27.
Qxf4 Be5 28. Nxg6+ hxg6 29. Bxd6+ Bxd6 30. Qxd6+ Kg8 31. c5 Qf3 32. Qg3 Qd5 33.
Rc1 Re5 34. c6 Qd2 35. Qc3 Re1+ 36. Rxe1 Qxc3 37. Re8+ Kg7 38. Rc8 Qc4 39. f3
Qa6 40. Rc7 Qb6+ 0-1

[Event "ITT Vicente Lopez"]
[Site "Villa Martelli"]
[Date "2006.07.26"]
[Round "3"]
[White "De Dovitiis, Alejo"]
[Black "Ripari, Marcelo"]
[Result "1/2-1/2"]
[WhiteElo "2371"]
[BlackElo "2341"]
[PlyCount "50"]
[EventDate "2006.07.24"]
[EventType "tourn"]
[EventRounds "11"]
[EventCountry "ARG"]

1. e4 c5 2. Nf3 e6 3. d4 cxd4 4. Nxd4 Nf6 5. Bd3 Nc6 6. Nxc6 bxc6 7. Nd2 d5 8.
O-O Be7 9. Re1 O-O 10. e5 Nd7 11. Nf3 a5 12. c3 Ba6 13. Bc2 c5 14. Bf4 Qb6 15.
Rb1 Rac8 16. Ng5 Bxg5 17. Bxg5 f5 18. exf6 Nxf6 19. h3 Rce8 20. Bxf6 gxf6 21.
Qg4+ Kh8 22. Qh5 Qc7 23. Rbd1 Bb7 24. Bg6 Re7 25. Qh6 Kg8 1/2-1/2

[Event "ITT Vicente Lopez"]
[Site "Villa Martelli"]
[Date "2006.07.26"]
[Round "3"]
[White "Della Morte, German"]
[Black "Prates, Fabiano"]
[Result "1/2-1/2"]
[WhiteElo "2275"]
[BlackElo "2274"]
[PlyCount "75"]
[EventDate "2006.07.24"]
[EventType "tourn"]
[EventRounds "11"]
[EventCountry "ARG"]

1. e4 e6 2. d4 d5 3. Nc3 Bb4 4. e5 Qd7 5. a3 Bxc3+ 6. bxc3 b6 7. Qg4 f5 8. Qg3
Ba6 9. Bd3 Bxd3 10. cxd3 Nc6 11. Ne2 Qf7 12. h4 Nge7 13. Nf4 Na5 14. Rb1 Rc8
15. Be3 Nb7 16. h5 h6 17. a4 O-O 18. Ng6 f4 19. Nxf4 c5 20. dxc5 Nxc5 21. a5
Na4 22. axb6 axb6 23. Qg4 Nxc3 24. Rc1 d4 25. Bxd4 Ncd5 26. Rxc8 Rxc8 27. Ne2
Nf5 28. O-O Rc2 29. Ng3 Nxd4 30. Qxd4 b5 31. Ra1 Qf4 32. Qxf4 Nxf4 33. Rb1 Nxd3
34. Rxb5 Nxf2 35. Rb8+ Kf7 36. Rb7+ Kg8 37. Rb8+ Kf7 38. Rb7+ 1/2-1/2

[Event "ITT Vicente Lopez"]
[Site "Villa Martelli"]
[Date "2006.07.26"]
[Round "3"]
[White "Granara Barreto, Sebastian A"]
[Black "Shcherbine, Andrei"]
[Result "1-0"]
[WhiteElo "2273"]
[BlackElo "2261"]
[PlyCount "59"]
[EventDate "2006.07.24"]
[EventType "tourn"]
[EventRounds "11"]
[EventCountry "ARG"]

1. d4 d5 2. Nf3 Nf6 3. c4 dxc4 4. e3 e6 5. Bxc4 a6 6. O-O c5 7. Bb3 Nc6 8. Nc3
cxd4 9. exd4 Nb4 10. Re1 Be7 11. a3 Nbd5 12. Qd3 O-O 13. Bc2 Nxc3 14. bxc3 b5
15. Ne5 Bb7 16. Qh3 g6 17. Bh6 Re8 18. Nxf7 Bxg2 19. Qxe6 Qd5 20. Ng5+ Qxe6 21.
Nxe6 Rac8 22. Kxg2 Rxc3 23. Bd1 Bxa3 24. Bf3 b4 25. Ng5 Rxe1 26. Rxe1 b3 27.
Bd5+ Kh8 28. Nf7+ Kg8 29. Nd6+ Kh8 30. Re7 1-0

[Event "ITT Vicente Lopez"]
[Site "Villa Martelli"]
[Date "2006.07.26"]
[Round "3"]
[White "Real de Azua, Ernesto"]
[Black "Cubas, Jose Fernando"]
[Result "1/2-1/2"]
[WhiteElo "2378"]
[BlackElo "2421"]
[PlyCount "53"]
[EventDate "2006.07.24"]
[EventType "tourn"]
[EventRounds "11"]
[EventCountry "ARG"]

1. e4 c5 2. Nf3 e6 3. d4 cxd4 4. Nxd4 a6 5. Nc3 b5 6. Bd3 Qb6 7. Nf3 Nc6 8. O-O
Qb8 9. Re1 Nge7 10. e5 Bb7 11. Bf4 f5 12. Bg3 h6 13. h4 Nb4 14. Be2 Nbd5 15.
Nd4 g6 16. Nxd5 Nxd5 17. Bf3 Bg7 18. h5 Qd8 19. hxg6 Qg5 20. a4 O-O 21. axb5
axb5 22. Rxa8 Bxa8 23. Qe2 b4 24. Qb5 f4 25. Bh2 Rd8 26. Qa5 Rf8 27. Qb5
1/2-1/2

[Event "ITT Vicente Lopez"]
[Site "Villa Martelli"]
[Date "2006.07.26"]
[Round "3"]
[White "Scarella, Enrique Alejandro"]
[Black "COMP ZAP!Chess"]
[Result "1/2-1/2"]
[WhiteElo "2348"]
[BlackElo "2600"]
[PlyCount "126"]
[EventDate "2006.07.24"]
[EventType "tourn"]
[EventRounds "11"]
[EventCountry "ARG"]

1. d4 Nf6 2. Nf3 g6 3. c4 d6 4. Nc3 Bg7 5. e4 O-O 6. Be2 e5 7. dxe5 dxe5 8.
Qxd8 Rxd8 9. Bg5 Rf8 10. O-O-O Nc6 11. h3 Be6 12. Rhe1 Rac8 13. Bf1 h6 14. Be3
Rfe8 15. Rd2 g5 16. Red1 Bf8 17. Ne1 Bb4 18. f3 Bxc3 19. bxc3 Na5 20. c5 Bc4
21. Nd3 Kg7 22. Bf2 Rcd8 23. Bg3 Nc6 24. Bh2 Ba6 25. Be2 h5 26. Nb4 Bxe2 27.
Rxe2 Rxd1+ 28. Kxd1 Na5 29. Nd5 Nxd5 30. exd5 f6 31. Kc1 Rd8 32. Rd2 Nc4 33.
Rd3 b5 34. Bg1 a6 35. Kc2 Kf7 36. Kb3 Re8 37. a4 e4 38. fxe4 Rxe4 39. axb5 axb5
40. c6 Re2 41. Kb4 Rb2+ 42. Kc5 Rxg2 43. d6 Nxd6 44. Rxd6 Rxg1 45. Rd7+ Ke6 46.
Rxc7 Rc1 47. Kd4 Kd6 48. Rf7 Rd1+ 49. Ke4 Kxc6 50. Rxf6+ Rd6 51. Rf5 Rg6 52.
Kf3 g4+ 53. hxg4 hxg4+ 54. Kg3 Kb6 55. Re5 Rg8 56. Re6+ Kc5 57. Re4 Rg5 58. Rf4
Rg8 59. Re4 Rg5 60. Rf4 Rg6 61. Re4 Rg8 62. Rf4 Rg5 63. Re4 Rg6 1/2-1/2

[Event "ITT Vicente Lopez"]
[Site "Villa Martelli"]
[Date "2006.07.27"]
[Round "4"]
[White "COMP ZAP!Chess"]
[Black "Real de Azua, Ernesto"]
[Result "1-0"]
[WhiteElo "2600"]
[BlackElo "2378"]
[PlyCount "73"]
[EventDate "2006.07.24"]
[EventType "tourn"]
[EventRounds "11"]
[EventCountry "ARG"]

1. c4 Nf6 2. d4 e6 3. Nc3 Bb4 4. e3 b6 5. Bd3 Bb7 6. Nf3 O-O 7. O-O d5 8. cxd5
exd5 9. Bd2 a6 10. Ne5 Nbd7 11. f4 c5 12. a3 Bxc3 13. Bxc3 Ne4 14. Nxd7 Qxd7
15. Bxe4 dxe4 16. dxc5 Qxd1 17. Rfxd1 bxc5 18. Ba5 Rfc8 19. Rac1 Rab8 20. Rd6
h6 21. f5 Rc6 22. Rxc6 Bxc6 23. Rxc5 Bb5 24. h3 Rb7 25. Bc3 Rd7 26. g4 Kh7 27.
Bd4 f6 28. Kg2 h5 29. Kg3 hxg4 30. hxg4 Rb7 31. Kf4 Bd3 32. g5 fxg5+ 33. Kxg5
Be2 34. Kf4 Bd3 35. Rc1 Kg8 36. Rc8+ Kf7 37. Bc5 1-0

[Event "ITT Vicente Lopez"]
[Site "Villa Martelli"]
[Date "2006.07.27"]
[Round "4"]
[White "Needleman, Alejandro"]
[Black "Della Morte, German"]
[Result "1/2-1/2"]
[WhiteElo "2378"]
[BlackElo "2275"]
[PlyCount "67"]
[EventDate "2006.07.24"]
[EventType "tourn"]
[EventRounds "11"]
[EventCountry "ARG"]

1. d4 Nf6 2. Nf3 g6 3. g3 Bg7 4. Bg2 O-O 5. O-O d6 6. a4 Na6 7. Nc3 c5 8. e4
cxd4 9. Nxd4 Bg4 10. Nde2 Qc8 11. Bg5 Nb4 12. Qd2 Bh3 13. Bxh3 Qxh3 14. Bxf6
Bxf6 15. Nd5 Nxd5 16. exd5 Rac8 17. c3 Rc5 18. Rfd1 Rfc8 19. Nf4 Qd7 20. h4 Ra5
21. Ng2 Rxa4 22. Ne3 Rc5 23. Qe2 Rca5 24. Rac1 Qb5 25. Qf3 Qxb2 26. Rb1 Qxc3
27. Rdc1 Ra1 28. Rxc3 Rxb1+ 29. Kg2 Bxc3 30. Qe4 Rb2 31. Qxe7 Raa2 32. Qd8+ Kg7
33. Nf5+ gxf5 34. Qg5+ 1/2-1/2

[Event "ITT Vicente Lopez"]
[Site "Villa Martelli"]
[Date "2006.07.27"]
[Round "4"]
[White "Prates, Fabiano"]
[Black "Granara Barreto, Sebastian A"]
[Result "1-0"]
[WhiteElo "2274"]
[BlackElo "2273"]
[PlyCount "105"]
[EventDate "2006.07.24"]
[EventType "tourn"]
[EventRounds "11"]
[EventCountry "ARG"]

1. e4 c5 2. Na3 Nc6 3. Nf3 d6 4. c3 Nf6 5. Qe2 e6 6. g3 Be7 7. Bg2 O-O 8. O-O
e5 9. Nc2 Ne8 10. d4 cxd4 11. cxd4 Bf6 12. Be3 Nc7 13. d5 Ne7 14. Rfc1 Bg4 15.
h3 Bd7 16. a4 g6 17. Nd2 Bg7 18. Nc4 Ne8 19. f3 f5 20. Qd2 Bc8 21. N2a3 Kh8 22.
Nb5 Ng8 23. Nxa7 f4 24. Bb6 Qg5 25. Nxc8 Rxc8 26. g4 Qe7 27. Bf2 Ngf6 28. Nb6
Rxc1+ 29. Rxc1 Nc7 30. b4 Na8 31. Bf1 h5 32. Nxa8 Rxa8 33. a5 Ne8 34. Rc3 Bf6
35. Qe1 Qd7 36. Qd1 Qe7 37. Qc2 Qd7 38. Bd3 Bd8 39. Kf1 Bf6 40. Ke2 Bd8 41. Qb3
Nc7 42. Kd2 Ne8 43. Rc2 Nf6 44. Qc4 Ne8 45. Qb5 Qxb5 46. Bxb5 Nc7 47. Bd7 Na6
48. Kc3 Kg7 49. Kb3 Nxb4 50. Kxb4 Bxa5+ 51. Kb3 hxg4 52. Bxg4 Ra6 53. Ra2 1-0

[Event "ITT Vicente Lopez"]
[Site "Villa Martelli"]
[Date "2006.07.27"]
[Round "4"]
[White "Ripari, Marcelo"]
[Black "Scarella, Enrique Alejandro"]
[Result "1/2-1/2"]
[WhiteElo "2341"]
[BlackElo "2348"]
[PlyCount "41"]
[EventDate "2006.07.24"]
[EventType "tourn"]
[EventRounds "11"]
[EventCountry "ARG"]

1. e4 c5 2. Nf3 Nc6 3. d4 cxd4 4. Nxd4 Nf6 5. Nc3 d6 6. Bc4 Bd7 7. O-O g6 8.
Nf3 Bg7 9. h3 O-O 10. Re1 Rc8 11. Bb3 Na5 12. Nd5 Re8 13. c3 Nxb3 14. axb3 a6
15. Bg5 Bc6 16. b4 Bxd5 17. exd5 Qd7 18. Qd3 Qc7 19. Re2 h6 20. Bxf6 Bxf6 21.
Nd4 1/2-1/2

[Event "ITT Vicente Lopez"]
[Site "Villa Martelli"]
[Date "2006.07.27"]
[Round "4"]
[White "Shcherbine, Andrei"]
[Black "De Dovitiis, Alejo"]
[Result "0-1"]
[WhiteElo "2261"]
[BlackElo "2371"]
[PlyCount "98"]
[EventDate "2006.07.24"]
[EventType "tourn"]
[EventRounds "11"]
[EventCountry "ARG"]

1. e4 e6 2. d4 d5 3. exd5 exd5 4. c4 Nf6 5. Nc3 Bb4 6. Bd3 O-O 7. Nge2 dxc4 8.
Bxc4 Nbd7 9. O-O Nb6 10. Bb3 Nfd5 11. Qd3 c6 12. a3 Be7 13. Bc2 g6 14. Bh6 Re8
15. Ng3 Nxc3 16. bxc3 Be6 17. Rfe1 Bd6 18. f4 Bc4 19. Qf3 Rxe1+ 20. Rxe1 Bf8
21. Bxf8 Qxf8 22. f5 Re8 23. Rxe8 Qxe8 24. Ne4 Nd7 25. Qf4 Bd5 26. Kf2 Bxe4 27.
Qxe4 Qf8 28. Bb3 Nf6 29. Qb1 Qh6 30. fxg6 hxg6 31. Qd3 Qf4+ 32. Qf3 Ne4+ 33.
Ke2 Qd2+ 34. Kf1 Qc1+ 35. Ke2 Qb2+ 36. Kd3 Ng5 37. Qf6 Qxb3 38. Qd8+ Kh7 39.
Qxg5 Qxa3 40. Qf4 Qb3 41. h4 Qd1+ 42. Kc4 Qe2+ 43. Kb3 Qe6+ 44. Kb2 Kg7 45. g4
a5 46. h5 a4 47. hxg6 Kxg6 48. d5 Qxd5 49. Qxa4 Qb5+ 0-1

[Event "ITT Vicente Lopez"]
[Site "Villa Martelli"]
[Date "2006.07.28"]
[Round "5"]
[White "Cubas, Jose Fernando"]
[Black "COMP ZAP!Chess"]
[Result "0-1"]
[WhiteElo "2421"]
[BlackElo "2600"]
[PlyCount "60"]
[EventDate "2006.07.24"]
[EventType "tourn"]
[EventRounds "11"]
[EventCountry "ARG"]

1. e4 e5 2. Ne2 Nc6 3. g3 d5 4. Bg2 dxe4 5. Bxe4 Nf6 6. Bg2 Bg4 7. h3 Be6 8.
Nbc3 Qd7 9. d3 O-O-O 10. Be3 Bb4 11. a3 Ba5 12. Kf1 h5 13. b4 Bb6 14. Bxb6 axb6
15. a4 Nxb4 16. a5 b5 17. Qb1 c5 18. Kg1 Rh6 19. Kh2 Rdh8 20. Rd1 h4 21. g4
Bxg4 22. hxg4 Nxg4+ 23. Kg1 h3 24. Bh1 Rf6 25. Ne4 h2+ 26. Kf1 Ne3+ 27. Ke1
Nexc2+ 28. Kd2 Qxd3+ 29. Kc1 Qxe2 30. Nxf6 gxf6 0-1

[Event "ITT Vicente Lopez"]
[Site "Villa Martelli"]
[Date "2006.07.28"]
[Round "5"]
[White "De Dovitiis, Alejo"]
[Black "Prates, Fabiano"]
[Result "0-1"]
[WhiteElo "2371"]
[BlackElo "2274"]
[PlyCount "96"]
[EventDate "2006.07.24"]
[EventType "tourn"]
[EventRounds "11"]
[EventCountry "ARG"]

1. e4 e6 2. d4 d5 3. exd5 exd5 4. Nf3 Nc6 5. Bb5 Bd7 6. O-O Bd6 7. c4 dxc4 8.
Bxc4 Nf6 9. d5 Ne7 10. Bg5 O-O 11. Bxf6 gxf6 12. Nc3 Ng6 13. Nd4 f5 14. Bb5 Bc8
15. Nf3 a6 16. Ba4 Qf6 17. Rc1 Qg7 18. Qd4 f6 19. Ne2 Kh8 20. Qd2 Rg8 21. Ne1
f4 22. Kh1 b5 23. Bd1 Bb7 24. f3 Rac8 25. Nd4 Nh4 26. Ne6 Qg6 27. Bc2 Qh5 28.
Be4 Nf5 29. Kg1 Ne3 30. Rf2 Nxd5 31. Nd4 Bb4 32. Qd3 Rcd8 33. Qb3 c5 34. Ne6 c4
35. Qc2 Ne3 36. Qb1 Rd6 37. Nxf4 Qh6 38. Bxb7 Qxf4 39. Nc2 Bd2 40. Rcf1 Nxf1
41. Rxf1 Be3+ 42. Nxe3 Qxe3+ 43. Kh1 Rd2 44. f4 Qd3 45. Qe1 Qe2 46. Qxe2 Rxe2
47. Rb1 Rd8 48. Bxa6 Rxb2 0-1

[Event "ITT Vicente Lopez"]
[Site "Villa Martelli"]
[Date "2006.07.28"]
[Round "5"]
[White "Granara Barreto, Sebastian A"]
[Black "Needleman, Alejandro"]
[Result "1-0"]
[WhiteElo "2273"]
[BlackElo "2378"]
[PlyCount "91"]
[EventDate "2006.07.24"]
[EventType "tourn"]
[EventRounds "11"]
[EventCountry "ARG"]

1. e4 c5 2. Nf3 Nc6 3. d4 cxd4 4. Nxd4 e6 5. Nc3 Qc7 6. Be3 a6 7. Bd3 b5 8.
Nxc6 Qxc6 9. a3 Bb7 10. O-O Nf6 11. Qe2 b4 12. axb4 Bxb4 13. f3 Bxc3 14. bxc3
Qxc3 15. Qf2 e5 16. Rab1 Qc7 17. Qg3 O-O 18. Bh6 Ne8 19. Be3 d6 20. f4 Kh8 21.
fxe5 dxe5 22. Bd4 exd4 23. Qxc7 Nxc7 24. Rxb7 Ne6 25. Rfxf7 Rxf7 26. Rxf7 a5
27. Bc4 Ng5 28. Rf4 h5 29. e5 Re8 30. Rf5 Ne6 31. Rxh5+ Kg8 32. Rh4 Kf7 33.
Rxd4 Kg6 34. Rd5 Rc8 35. Bd3+ Kg5 36. Rxa5 Kf4 37. g3+ Ke3 38. Bf5 Rc6 39. Bxe6
Rxe6 40. Rc5 g5 41. Kg2 Kd4 42. Ra5 Rc6 43. Kh3 Rxc2 44. e6 g4+ 45. Kxg4 Rxh2
46. Kg5 1-0